000 00444nam a2200181Ia 4500
001 4089
005 20260306145730.0
008 260306t2002||||xx |||||||||||||| ||spa||
041 _aESP
082 _a306.85
_bH12 Nº 54
100 _aHerraiz, Santiago
_eAUT
245 0 _aSituaciones cotidianas de tus hijos jóvenes
260 _c2002
300 _a282 páginas :
_c19 cm.
650 _aGEN
654 _aCED
942 _cLIB
_dJUS
_fJUS
_2ddc
_n
999 _c4089
_d4089